Hardisty v Stamper. (Record no. 60721)
[ view plain ]
| 000 -LEADER | |
|---|---|
| fixed length control field | 00625cam a2200145 4500 |
| 001 - CONTROL NUMBER | |
| control field | ABS61035 |
| 008 - FIXED-LENGTH DATA ELEMENTS--GENERAL INFORMATION | |
| fixed length control field | 000000n1999 000 0 eng u |
| 035 ## - SYSTEM CONTROL NUMBER | |
| System control number | (Sirsi) u101589 |
| 245 ## - TITLE STATEMENT | |
| Title | Hardisty v Stamper. |
| 260 ## - PUBLICATION, DISTRIBUTION, ETC. | |
| Date of publication, distribution, etc. | 1999 |
| 490 ## - SERIES STATEMENT | |
| Series statement | Rating & Valuation Reporter |
| Volume/sequential designation | [1999] 39 R&VR, 120-122(3) |
| 520 ## - SUMMARY, ETC. | |
| Summary, etc. | LT 23 February 1999. Appeal by the ratepayer against a decision by the East Yorkshire Valuation Tribunal. Held that despite H's claims that there were inconsistencies in the rating list, the assessment of a small shop with two other floors was confirmed. |
| 690 ## - LOCAL SUBJECT ADDED ENTRY--TOPICAL TERM (OCLC, RLIN) | |
| Topical term or geographic name as entry element | RATING AND VALUATION-CASE LAW |
| 942 ## - ADDED ENTRY ELEMENTS (KOHA) | |
| Suppress in OPAC | 0 |
| Withdrawn status | Lost status | Source of classification or shelving scheme | Damaged status | Not for loan | Home library | Current library | Shelving location | Date acquired | Total Checkouts | Full call number | Barcode | Date last seen | Copy number | Price effective from | Koha item type |
|---|---|---|---|---|---|---|---|---|---|---|---|---|---|---|---|
| Dewey Decimal Classification | London | London | Journal article | 05/11/1999 | ABS61035 | 101589-1001 | 06/08/2019 | 1 | 06/08/2019 | Journal article |